Normal view
MARC view
Entry Personal Name
001 - CONTROL NUMBER
- control field: 163044
003 - CONTROL NUMBER IDENTIFIER
- control field: OSt
005 - DATE AND TIME OF LATEST TRANSACTION
- control field: 20220923213425.0
008 - FIXED-LENGTH DATA ELEMENTS
- fixed length control field: 220923|| aca||aabn | a|a d
040 ## - CATALOGING SOURCE
- Original cataloging agency: OSt
- Transcribing agency: OSt
100 ## - HEADING--PERSONAL NAME
- Personal name: शुक्ल, बलिराम; शुक्ल, बदरीनाथ
670 ## - SOURCE DATA FOUND
- Source citation: Work cat.: (OSt)316411: शुक्ल, बलिराम; शुक्ल, बदरीनाथ, अनुमान प्रमाण* प्राचीन न्यायवैशेषिक, बौद्ध न्याय, जैन न्याय तथा नव्य न्याय पर आधारित, 1986
